000 00791nam a22001937a 4500
999 _c370812
_d370812
008 201130b ||||| |||| 00| 0 eng d
040 _bger
_cDE-2950
_erda
_aDE-2950
041 _ager
100 _aBlees, Janine:
245 _aTheater der fallenden Katzen.
_bPremiere: Zum ersten Mal führt die Bürgerbühne das Stück einer Gastregisseurin auf. Uta Plate entwickelte ihre Inszenierung gemeinsam mit Frankfurterinnen und Frankfurtern /
_cJanine Blees
264 _c2021
653 _aFrankfurt (Oder)
653 _aTheater / Bürgerbühne
773 _dFrankfurt (Oder): Märkisches Verlags- und Druckhaus GmbH & Co KG
_g32. Jahrgang (2021) Nr. 217 vom 17.09.2021, S. 17
_tMärkische Oderzeitung
942 _cA